MARC

LEADER 00000nam0a2200000 4500
001 298397
005 20231102001111.0
035 |a (RuTPU)RU\TPU\book\323540 
090 |a 298397 
100 |a 20150618d1983 k y0rusy50 ca 
101 0 |a rus 
102 |a RU 
105 |a a z 001zy 
200 1 |a Исследования теплозащиты зданий  |f Научно-исследовательский институт строительной физики (НИИСФ) ; под ред. В. К. Савина 
210 |a Москва  |c Изд-во НИИСФ  |d 1983 
215 |a 161 с.  |c ил. 
225 1 |a Сборник трудов института 
320 |a Библиография в конце статей 
606 |a Гражданские здания  |x Тепловой режим  |2 stltpush  |3 (RuTPU)RU\TPU\subj\8493  |9 35898 
610 1 |a кирпичные панели 
610 1 |a качество 
610 1 |a оценка 
610 1 |a наружные ограждения 
610 1 |a расчет 
610 1 |a теплообмен 
610 1 |a теплоустойчивость 
610 1 |a температурное поле 
610 1 |a теплоперенос 
610 1 |a тепловой режим 
610 1 |a исследование 
610 1 |a голография 
610 1 |a применение 
610 1 |a автоматизация 
610 1 |a воздухопроницаемость 
675 |a 697.1  |v 4 
702 1 |a Савин  |b В. К.  |4 340 
712 0 2 |a Научно-исследовательский институт строительной физики (НИИСФ)  |c (Москва)  |c (1963- )  |2 stltpush  |3 (RuTPU)RU\TPU\col\9546 
801 1 |a RU  |b 63413507  |c 20150618 
801 2 |a RU  |b 63413507  |c 20180613  |g RCR 
942 |c BK